Rich countries bordering poor countries - Statistics

General Stats
  • This quiz has been taken 113 times
    39 since last reset
  • The average score is 22 of 42
Answer Stats
Header % Correct
China
88%
Russia
82%
Israel
76%
South Korea
76%
North Korea
74%
Saudi Arabia
74%
South Africa
68%
Syria
65%
Iran
62%
Afghanistan
59%
Haiti
59%
Oman
59%
Yemen
59%
Dominican Republic
56%
DR Congo
56%
Iraq
56%
Mozambique
56%
Nepal
56%
Zimbabwe
56%
Niger
53%
Turkey
50%
Algeria
47%
Kazakhstan
47%
Lebanon
47%
Libya
47%
Republic of the Congo
47%
Swaziland
47%
Turkmenistan
47%
Botswana
44%
Kyrgyzstan
44%
Nigeria
44%
Tajikistan
44%
Zambia
44%
Mali
41%
Sudan
41%
Central African Republic
38%
Cameroon
35%
Gabon
35%
Gabon
35%
Angola
29%
Equatorial Guinea
26%
Tanzania
26%
No matching quizzes found
Score Distribution
Percent of People with Each Score
Percentile by Number Answered
Your Score History
You have not taken this quiz since the last reset